000 01000nmc a2200313 a 4500
003 AR-BaBNM
005 20251128204956.0
008 011101s1995 ||||||||||||||000 | spa||
020 _a950-46-0255-X
040 _cAR-BaBNM
100 1 _aTeberosky, Ana
245 1 0 _aMás allá de la alfabetización
_bel conocimiento fonológico, la ortografía, la composición de textos, la notación matemática y el aprendizaje
260 _aBuenos Aires
_bSantillana
_c1995
300 0 _a325 p.
_btablas, diagr., il.
490 0 _aAula XXI
504 _aBibliografía: p. 315-325
650 4 _aALFABETIZACION
650 4 _aDIFERENCIACION SOCIAL
650 4 _aDIFERENCIACION CULTURAL
650 4 _aENSENANZA DE LA ESCRITURA
650 4 _aENSENANZA DE LA ORTOGRAFIA
650 4 _aENSENANZA DE LA EXPRESION ORAL
650 4 _aENSENANZA DE LAS MATEMATICAS
651 4 _aEspaña
653 _aENSENANZA DE LA LENGUA
700 1 _aTolchinsky Landsmann, Liliana
942 _cBK
998 _csilvi
999 _c9549
_d9549